Telephoning in English

Đã lưu trong:
Sonraí Bibleagrafaíochta
Príomhúdar: Naterop, B. Jean.
Formáid: CD
Teanga:English
Foilsithe: Cambridge : Cambridge University Press, 2004.
Eagrán:3rd ed.
Clibeanna: Cuir Clib Leis
Gan Chlibeanna, Bí ar an gcéad duine leis an taifead seo a chlibeáil!
Thư viện lưu trữ: Thư viện Trường Đại học Đà Lạt
LEADER 00711nam a2200289 4500
001 DLU170181032
005 ##20170919
020 # # |a 9780521539135 
040 # # |a DLU  |b vie 
041 # # |a eng 
044 # # |a uk 
082 # # |a 428.3  |b NA-B 
100 # # |a Naterop, B. Jean. 
245 # # |a Telephoning in English   |h [Đĩa CD-ROM] /  |c B. Jean Naterop, Rod Revell. 
250 # # |a 3rd ed. 
260 # # |a Cambridge :  |b Cambridge University Press,  |c 2004. 
300 # # |a 2 đĩa CD-ROM ;  |c 4 3/4 in. 
923 # # |a 05/2016 
992 # # |a 1344000 
994 # # |a DLU 
900 # # |a True 
911 # # |a Nguyễn Thanh Hương 
925 # # |a CD 
926 # # |a A 
927 # # |a CD 
980 # # |a Thư viện Trường Đại học Đà Lạt